Building self-esteem : how to replace self-doubt with confidence and well-being

Bibliographic Details
Main Author: Stewart, William
Format: Book
Language:English
Published: Kuala Lumpur : Golden Book Centre , 2008
Subjects:

MARC

LEADER 00000cam a2200000 7i4500
001 0000021809
005 20090107.0
008 081125s my a i eng
020 |a 9837204362 
040 |a INS 
090 0 0 |a BF697.S46   |b S84 2008 
100 1 |a Stewart, William 
245 1 0 |a Building self-esteem :   |b how to replace self-doubt with confidence and well-being   |c William Stewart 
260 |a Kuala Lumpur :   |b Golden Book Centre ,   |c 2008 
300 |a 159p :   |b ill. ;   |c 21cm. 
500 |a Includes index 
650 0 0 |a Self-esteem 
999 |a 0000020290   |b BOOK   |c Open Shelf   |e Default branch